<?xml version="1.0" encoding="UTF-8"?>
<record
    xmlns:xsi="http://www.w3.org/2001/XMLSchema-instance"
    xsi:schemaLocation="http://www.loc.gov/MARC21/slim http://www.loc.gov/standards/marcxml/schema/MARC21slim.xsd"
    xmlns="http://www.loc.gov/MARC21/slim">

  <leader>01374nam a22001577a 4500</leader>
  <controlfield tag="008">120709t        xxu||||| |||| 00| 0 eng d</controlfield>
  <datafield tag="050" ind1=" " ind2=" ">
    <subfield code="a">QA276.H34</subfield>
  </datafield>
  <datafield tag="245" ind1=" " ind2=" ">
    <subfield code="a">Senior technical mathematics. /</subfield>
    <subfield code="c">edited by A.H. Heywood</subfield>
  </datafield>
  <datafield tag="260" ind1=" " ind2=" ">
    <subfield code="a">Toronto:</subfield>
    <subfield code="b">Macmillan  Company,</subfield>
    <subfield code="c">1960.</subfield>
  </datafield>
  <datafield tag="300" ind1=" " ind2=" ">
    <subfield code="a">xii, 558 p.:</subfield>
    <subfield code="c">24cm.</subfield>
  </datafield>
  <datafield tag="500" ind1=" " ind2=" ">
    <subfield code="a">Includes index.</subfield>
  </datafield>
  <datafield tag="505" ind1=" " ind2=" ">
    <subfield code="a">Contents: Algebra: Fundamental operations -- Equations -- Factoring -- Ratio and proportion, variation -- Quadratic surds -- Quadratic surds -- Quadratic equation, surd equations -- Theory of quadratic equations -- Series of progressions -- Indices, logarithms, slide rule:  Indices -- Logarithms -- The Slide rule -- Approximate numbers:  Approximate numbers -- Mensuration: Perimeters and areas of plane figures -- Areas and volumes of solids -- Trigonometry: Introduction to trigonometry -- Use of tables and identities -- The Right triangle and shop problems -- Trigonometric ratios of any angle -- The Oblique triangle -- Solution of the oblique triangle using logarithms -- Properties of triangles -- Review problems -- Statics: Machines -- Composition and resolution of forces -- Centre of gravity and friction -- Geometry: Practical geometry -- Deductive geometry -- Definitions -- Mathemtical tables -- Answers.</subfield>
  </datafield>
  <datafield tag="650" ind1=" " ind2=" ">
    <subfield code="a">Mathematics </subfield>
    <subfield code="x">Problems, exercises, etc. </subfield>
  </datafield>
  <datafield tag="700" ind1=" " ind2=" ">
    <subfield code="a">Heywood, A. H.</subfield>
  </datafield>
  <datafield tag="942" ind1=" " ind2=" ">
    <subfield code="2">lcc</subfield>
    <subfield code="c">BK</subfield>
  </datafield>
  <datafield tag="999" ind1=" " ind2=" ">
    <subfield code="c">1668</subfield>
    <subfield code="d">9168</subfield>
  </datafield>
  <datafield tag="952" ind1=" " ind2=" ">
    <subfield code="0">0</subfield>
    <subfield code="1">0</subfield>
    <subfield code="2">lcc</subfield>
    <subfield code="4">0</subfield>
    <subfield code="7">0</subfield>
    <subfield code="a">WIUC-1</subfield>
    <subfield code="b">WIUC-1</subfield>
    <subfield code="c">GEN</subfield>
    <subfield code="d">2012-07-09</subfield>
    <subfield code="l">0</subfield>
    <subfield code="o">QA276.H34</subfield>
    <subfield code="p">4756/12</subfield>
    <subfield code="r">2012-07-09 00:00:00</subfield>
    <subfield code="t">1</subfield>
    <subfield code="w">2012-07-09</subfield>
    <subfield code="y">BK</subfield>
  </datafield>
</record>
